02025naa a2200217 a 450000100080000000500110000800800410001910000200006024501160008026000090019652013450020565300220155065300120157265300220158465300110160665300360161770000180165370000260167170000210169777300890171810832792012-01-26 2011 bl uuuu u00u1 u #d1 aSILVA, H. A. da aDesempenho de novilhas leiteiras em pastagens anuais de inverno sob sistema de integra????o lavoura-pecu??ria . c2011 aO objetivo deste trabalho foi avaliar a viabilidade da recria de novilhas leiteiras em pastagens de inverno puras ou consorciadas, sob sistema de integra????o lavoura-pecu??ria. O experimento foi realizado no Munic??pio de Castro, PR. Utilizou-se o delineamento experimental de blocos ao acaso, em arranjo fatorial, com duas categorias de animais - leves, com 192??40,9 kg, e pesados, com 278??41,2 kg -, e dois tipos de pastagem: consorciada, composta de azev??m anual (Lolium multiflorum), aveia-preta (Avena strigosa), trevo branco (Trifolium repens) e trevo vermelho (Trifolium pratense); e pastagem pura de azev??m anual. Foi utilizado o m??todo de pastoreio cont??nuo com lota????o vari??vel, com altura de manejo de 20 cm. A pastagem com azev??m anual proporcionou ganho de peso m??dio di??rio significativamente superior (0,93??0,032 kg por dia por animal) ao da pastagem consorciada (0,79??0,032 kg por dia por animal). Os animais leves apresentaram maior ganho de peso por hectare (3,54??0,163 kg ha-?? por dia) do que os pesados (2,99??0,163 kg ha-?? por dia), o que foi influenciado pelo tipo de pastagem: animais leves apresentaram melhor desempenho em pastagem pura, e animais pesados em pastagem consorciada. A recria de novilhas leiteiras ?? vi??vel durante a fase de pastagens de sistemas de integra????o lavoura-pecu??ria. aDesempenho animal aNovilha aProdu????o animal aRecria aSistema integrado de produ????o1 aMORAES, A. de1 aCARVALHO, P. C. de F.1 aPONTES, L. da S. tPesquisa Agropecu??ria Brasileira, Bras??liagv. 46, n. 10, p. 1372-1378, out. 2011.